| 000 | 00433nam a2200157Ia 4500 | ||
|---|---|---|---|
| 003 | IQ-KOUCL | ||
| 041 | _aArabic | ||
| 082 | _a340,072 cut-799 ف | ||
| 100 | _a20260118u\\\\\\\\\\\y0engy0103\\\\ba | ||
| 100 | _aد.جيهان حسين فقيه | ||
| 245 | 0 | _aعقود البحث الفضائي | |
| 250 | _aط1 | ||
| 260 |
_bمنشورات زين الحقوقية _aبيروت - لبنان _c2013 |
||
| 300 | _a544 | ||
| 942 | _cBk | ||
| 999 |
_c187055 _d187055 |
||